[Event "13. Olimpiada por Equipos de Ajedrecist"]
[Site "Heraklio GRE"]
[Date "2008.10.20"]
[Round "2.17"]
[White "Bagyatkar, Madan"]
[Black "Videbaek, Kurt"]
[Result "0-1"]
[WhiteElo "1910"]
[BlackElo "1400"]
[PlyCount "140"]
[EventDate "2008.10.18"]
[EventType "team-"]
[EventRounds "9"]
[EventCountry "GRE"]
[Source "lmi"]
[SourceDate "2008.10.19"]

1. Nf3 d5 2. d4 Nf6 3. e3 Bg4 4. Be2 e6 5. a3 Nbd7 6. Nbd2 c5 7. c4 cxd4 8.
Nxd4 Bxe2 9. Qxe2 Rc8 10. O-O Nb6 11. cxd5 Qxd5 12. Rd1 Be7 13. Nf1 Qh5 14.
Qxh5 Nxh5 15. Bd2 O-O 16. Rac1 Nf6 17. Rxc8 Rxc8 18. Rc1 Rxc1 19. Bxc1 Nc4 20.
Nd2 Ne5 21. Kf1 Nd3 22. N4b3 Ng4 23. Ke2 Ngxf2 24. Nf3 Nxc1+ 25. Nxc1 Ne4 26.
Nd3 Nd6 27. Nd2 Bf6 28. Kf3 Kf8 29. Ne4 Be7 30. Nc3 Nc4 31. Ke4 Bg5 32. Nd1 Ke7
33. Kd4 Nd6 34. e4 f5 35. N1f2 fxe4 36. Nxe4 Nxe4 37. Kxe4 Kd6 38. h3 Bf6 39.
g4 b6 40. b3 b5 41. Nf4 g6 42. Nd3 a5 43. Nf4 a4 44. bxa4 bxa4 45. Nd3 Bc3 46.
h4 Bf6 47. h5 gxh5 48. gxh5 Bc3 49. Kf4 Kd5 50. Kg5 Kd4 51. Nf2 Bb2 52. Kh6
Bxa3 53. Kxh7 Ke3 54. Ng4+ Kf4 55. Nf2 Kg5 56. Ne4+ Kxh5 57. Nc3 e5 58. Nxa4 e4
59. Nc3 e3 60. Ne2 Kg4 61. Kg6 Bb2 62. Ng1 Kg3 63. Kg5 Kf2 64. Nh3+ Kg2 65.
Nf4+ Kf3 66. Kf5 Bd4 67. Kg5 Be5 68. Nh3 Bh2 69. Kf5 e2 70. Ng5+ Ke3 0-1

[Event "13. Olimpiada por Equipos de Ajedrecist"]
[Site "Heraklio GRE"]
[Date "2008.10.20"]
[Round "2.17"]
[White "Oza, Rajesh"]
[Black "Bremer, Erik"]
[Result "1-0"]
[WhiteElo "1916"]
[BlackElo "1400"]
[PlyCount "35"]
[EventDate "2008.10.18"]
[EventType "team-"]
[EventRounds "9"]
[EventCountry "GRE"]
[Source "lmi"]
[SourceDate "2008.10.19"]

1. Nf3 Nf6 2. g3 d5 3. Bg2 c6 4. d3 e6 5. O-O Be7 6. Nbd2 O-O 7. e4 dxe4 8.
dxe4 Nbd7 9. Qe2 Nb6 10. Rd1 Qe8 11. e5 Nfd7 12. Ne4 Nc5 13. Bg5 Bd7 14. Nd6
Qd8 15. Be3 Bxd6 16. Rxd6 Ne4 17. Bxb6 axb6 18. Qxe4 1-0

[Event "13. Olimpiada por Equipos de Ajedrecist"]
[Site "Heraklio GRE"]
[Date "2008.10.20"]
[Round "2.17"]
[White "Ross, Chris N"]
[Black "Wikman, Bengt"]
[Result "1-0"]
[WhiteElo "2172"]
[BlackElo "1943"]
[PlyCount "37"]
[EventDate "2008.10.18"]
[EventType "team-"]
[EventRounds "9"]
[EventCountry "GRE"]
[Source "lmi"]
[SourceDate "2008.10.19"]

1. e4 e5 2. Nf3 Nf6 3. Nxe5 d6 4. Nf3 Nxe4 5. Nc3 d5 6. Qe2 Be6 7. Nxe4 dxe4 8.
Qxe4 Nc6 9. Bc4 Qf6 10. d4 O-O-O 11. Bg5 Rxd4 12. Bxe6+ fxe6 13. Nxd4 Qxg5 14.
Qxe6+ Kb8 15. Nxc6+ bxc6 16. Qe8+ Kb7 17. O-O g6 18. Rad1 Bg7 19. Qe4 1-0

[Event "13. Olimpiada por Equipos de Ajedrecist"]
[Site "Heraklio GRE"]
[Date "2008.10.20"]
[Round "2.17"]
[White "Shah, Swapanil"]
[Black "Hansen, Arne Mandrup"]
[Result "1-0"]
[WhiteElo "1971"]
[BlackElo "1400"]
[PlyCount "91"]
[EventDate "2008.10.18"]
[EventType "team-"]
[EventRounds "9"]
[EventCountry "GRE"]
[Source "lmi"]
[SourceDate "2008.10.19"]

1. e4 d5 2. exd5 Nf6 3. Bb5+ Bd7 4. Bc4 Bf5 5. Nc3 c6 6. dxc6 Nxc6 7. Nf3 e6 8.
h3 Bc5 9. d3 O-O 10. O-O e5 11. Bg5 Re8 12. Nh4 Be6 13. Bxe6 Rxe6 14. Ne4 Be7
15. Nf5 Nxe4 16. Nxe7+ Nxe7 17. dxe4 f6 18. Qxd8+ Rxd8 19. Be3 b6 20. Rad1 Red6
21. Rxd6 Rxd6 22. Re1 h5 23. Kf1 Ng6 24. Ke2 Nh4 25. Rg1 Ng6 26. Rd1 Rxd1 27.
Kxd1 Kf7 28. Ke2 Ke6 29. Kd3 Kd6 30. Kc4 Kc6 31. a4 a5 32. c3 Nf8 33. b4 axb4
34. cxb4 Ne6 35. b5+ Kc7 36. Kd5 Nf8 37. Bd2 g6 38. a5 bxa5 39. Bxa5+ Kc8 40.
Bb4 Nd7 41. Kc6 f5 42. f3 fxe4 43. fxe4 Nf6 44. Bd6 Nxe4 45. Bxe5 Ng5 46. b6
1-0

[Event "13. Olimpiada por Equipos de Ajedrecist"]
[Site "Heraklio GRE"]
[Date "2008.10.21"]
[Round "3.1"]
[White "Berlinsky, Vladimir"]
[Black "Aguilar Sevilla, Diego"]
[Result "1/2-1/2"]
[WhiteElo "2325"]
[BlackElo "2149"]
[PlyCount "29"]
[EventDate "2008.10.18"]
[EventType "team-"]
[EventRounds "9"]
[EventCountry "GRE"]
[Source "lmi"]
[SourceDate "2008.10.19"]

1. e4 e5 2. Nf3 Nc6 3. Bc4 Nf6 4. Ng5 d5 5. exd5 Na5 6. Bb5+ c6 7. dxc6 bxc6 8.
Qf3 Rb8 9. Be2 h6 10. Ne4 Nxe4 11. Qxe4 Bd6 12. d4 O-O 13. dxe5 f5 14. Qd3 Bxe5
15. Qxd8 1/2-1/2

[Event "13. Olimpiada por Equipos de Ajedrecist"]
[Site "Heraklio GRE"]
[Date "2008.10.21"]
[Round "3.1"]
[White "Draghici Flutur, Gavril"]
[Black "Krylov, Sergey"]
[Result "0-1"]
[WhiteElo "2153"]
[BlackElo "2388"]
[PlyCount "114"]
[EventDate "2008.10.18"]
[EventType "team-"]
[EventRounds "9"]
[EventCountry "GRE"]
[Source "lmi"]
[SourceDate "2008.10.19"]

1. e4 c5 2. Nf3 e6 3. d4 cxd4 4. Nxd4 a6 5. Nc3 b5 6. Bd3 Qc7 7. O-O Bb7 8. Re1
Nc6 9. Nxc6 dxc6 10. a4 Bd6 11. h3 Nf6 12. axb5 axb5 13. Rxa8+ Bxa8 14. Qe2 Be5
15. Rf1 O-O 16. f4 Bd4+ 17. Be3 Bxc3 18. bxc3 c5 19. e5 Nd5 20. Bd2 c4 21. Be4
Nb6 22. Rb1 Qd7 23. Be1 Bxe4 24. Qxe4 Ra8 25. Bf2 Nd5 26. Bc5 h6 27. Qd4 Ra2
28. Qd2 Qc6 29. Bd6 Qb6+ 30. Kh2 Ne3 31. Bc7 Qxc7 32. Qxe3 Rxc2 33. Rxb5 Rxg2+
34. Kxg2 Qc6+ 35. Qf3 Qxb5 36. Qa8+ Kh7 37. Qe4+ g6 38. Kf3 Qb3 39. Qd4 Qb7+
40. Kg3 Qc6 41. Qa7 Kg7 42. Qe7 Qe4 43. Qf6+ Kg8 44. Qd8+ Kh7 45. Qf6 Qe3+ 46.
Kg2 Qd2+ 47. Kg1 Kg8 48. h4 Qxc3 49. Qd8+ Kh7 50. Qf6 Qc1+ 51. Kf2 Qd2+ 52. Kg3
Kg8 53. h5 c3 54. hxg6 Qd3+ 55. Kf2 Qxg6 56. Qd8+ Kg7 57. Qd4 Qc2+ 0-1

[Event "13. Olimpiada por Equipos de Ajedrecist"]
[Site "Heraklio GRE"]
[Date "2008.10.21"]
[Round "3.1"]
[White "Palacios Perez, Manuel"]
[Black "Meshkov, Yuri A"]
[Result "1/2-1/2"]
[WhiteElo "2195"]
[BlackElo "2400"]
[PlyCount "99"]
[EventDate "2008.10.18"]
[EventType "team-"]
[EventRounds "9"]
[EventCountry "GRE"]
[Source "lmi"]
[SourceDate "2008.10.19"]

1. d4 e6 2. c4 b6 3. Nc3 Bb4 4. Nf3 Bb7 5. Bg5 f6 6. Bd2 f5 7. a3 Bxc3 8. Bxc3
Nf6 9. e3 Ne4 10. Rc1 d6 11. Be2 O-O 12. O-O Nd7 13. Nd2 Nxc3 14. Rxc3 e5 15.
b4 c5 16. Nb3 Qe7 17. Qd2 Nf6 18. f3 Rad8 19. d5 Bc8 20. Bd1 Bd7 21. Nc1 Rc8
22. b5 a6 23. a4 a5 24. Ne2 Rce8 25. Bc2 Kh8 26. Qe1 f4 27. Qh4 Kg8 28. Rb3
fxe3 29. Rxe3 g6 30. Rd1 Qg7 31. Qe1 Nh5 32. Ng3 Nf4 33. Ne4 Qe7 34. Bd3 Bf5
35. Bf1 Bxe4 36. Rxe4 Nh5 37. Bd3 Qg5 38. Rg4 Qf6 39. Qh4 Qxh4 40. Rxh4 Nf4 41.
Rg4 h5 42. Rxg6+ Nxg6 43. Bxg6 Re7 44. Re1 Rf4 45. Be4 h4 46. g3 Rg7 47. Kf2
Rf6 48. Rh1 Kf7 49. Kg2 Rh6 50. g4 1/2-1/2

[Event "13. Olimpiada por Equipos de Ajedrecist"]
[Site "Heraklio GRE"]
[Date "2008.10.21"]
[Round "3.1"]
[White "Smirnov, Sergei"]
[Black "Vela Ignacio, Jose Manuel"]
[Result "1-0"]
[WhiteElo "2301"]
[BlackElo "2103"]
[PlyCount "23"]
[EventDate "2008.10.18"]
[EventType "team-"]
[EventRounds "9"]
[EventCountry "GRE"]
[Source "lmi"]
[SourceDate "2008.10.19"]

1. Nf3 d5 2. c4 Nc6 3. cxd5 Qxd5 4. Nc3 Qa5 5. d4 Bg4 6. d5 O-O-O 7. Bd2 Bxf3
8. gxf3 Ne5 9. e4 Nf6 10. f4 Qb4 11. fxe5 Nxe4 12. Qg4+ 1-0

[Event "13. Olimpiada por Equipos de Ajedrecist"]
[Site "Heraklio GRE"]
[Date "2008.10.21"]
[Round "3.2"]
[White "Bokan, Danko"]
[Black "Crouch, Colin S"]
[Result "0-1"]
[WhiteElo "2323"]
[BlackElo "2359"]
[PlyCount "100"]
[EventDate "2008.10.18"]
[EventType "team-"]
[EventRounds "9"]
[EventCountry "GRE"]
[Source "lmi"]
[SourceDate "2008.10.19"]

1. e4 d5 2. exd5 Qxd5 3. Nc3 Qd6 4. d4 Nf6 5. Nf3 c6 6. h3 Bf5 7. Bd3 Bxd3 8.
Qxd3 Nbd7 9. O-O e6 10. Re1 Be7 11. Ne2 O-O 12. Bf4 Qd5 13. c4 Qa5 14. a3 b5
15. b3 bxc4 16. bxc4 Rfd8 17. Qb3 c5 18. Red1 cxd4 19. Nexd4 Nc5 20. Qb5 Qa4
21. Qxa4 Nxa4 22. Nc6 Rxd1+ 23. Rxd1 Bf8 24. Bb8 g6 25. Nfe5 a5 26. g4 h6 27.
Kg2 Kg7 28. f4 Nc3 29. Rd3 Nce4 30. Kf3 Ra6 31. h4 g5 32. fxg5 hxg5 33. hxg5
Nxg5+ 34. Kf4 Nfh7 35. Nd8 Bc5 36. Nd7 Be7 37. Bc7 Nf8 38. Nxf8 Kxf8 39. Be5 f6
40. Bc7 Ke8 41. c5 Bxc5 42. Nb7 Ra7 43. Rd8+ Ke7 44. Rb8 Bxa3 45. Bb6 Ra6 46.
Bd8+ Kf7 47. Bxa5 Rxa5 48. Nd8+ Kg6 49. Rb7 Ra4+ 50. Kg3 Bd6+ 0-1

[Event "13. Olimpiada por Equipos de Ajedrecist"]
[Site "Heraklio GRE"]
[Date "2008.10.21"]
[Round "3.2"]
[White "Ross, Chris N"]
[Black "Avram, Sretko"]
[Result "1-0"]
[WhiteElo "2172"]
[BlackElo "2320"]
[PlyCount "63"]
[EventDate "2008.10.18"]
[EventType "team-"]
[EventRounds "9"]
[EventCountry "GRE"]
[Source "lmi"]
[SourceDate "2008.10.19"]

1. d4 d5 2. Nf3 Nf6 3. c4 c6 4. e3 e6 5. Bd3 Nbd7 6. O-O dxc4 7. Bxc4 b5 8. Bd3
a6 9. a4 Bb7 10. Qe2 Be7 11. Nbd2 b4 12. e4 c5 13. e5 Nd5 14. Nc4 cxd4 15. Nxd4
Nc5 16. Bc2 O-O 17. Rd1 Qc7 18. Qg4 g6 19. Bh6 Rfc8 20. Rac1 Qd7 21. Na5 Rab8
22. h4 Bf8 23. Bxf8 Kxf8 24. h5 Ba8 25. Qg5 Kg7 26. Nc4 Qe7 27. Qg3 Nd7 28. Nd6
Qf8 29. hxg6 Rxc2 30. N4f5+ exf5 31. Nxf5+ Kg8 32. g7 1-0

[Event "13. Olimpiada por Equipos de Ajedrecist"]
[Site "Heraklio GRE"]
[Date "2008.10.21"]
[Round "3.3"]
[White "Bibikov, Yuriy"]
[Black "Schellmann, Frank"]
[Result "1/2-1/2"]
[WhiteElo "1400"]
[BlackElo "2144"]
[PlyCount "60"]
[EventDate "2008.10.18"]
[EventType "team-"]
[EventRounds "9"]
[EventCountry "GRE"]
[Source "lmi"]
[SourceDate "2008.10.19"]

1. e4 c6 2. d3 d5 3. Nd2 e5 4. Ngf3 Bd6 5. g3 Nf6 6. Bg2 O-O 7. O-O Bg4 8. h3
Bh5 9. c3 Nbd7 10. Qc2 Re8 11. Nh4 a5 12. Nf5 Bf8 13. Nf3 Nc5 14. g4 Bg6 15.
N3h4 dxe4 16. dxe4 Qd3 17. Qxd3 Nxd3 18. Rb1 Bxf5 19. Nxf5 Nxc1 20. Rbxc1 g6
21. Ng3 Bh6 22. Rcd1 Red8 23. Bf3 Bg5 24. Kg2 Ne8 25. Rxd8 Rxd8 26. Rd1 Nc7 27.
Rxd8+ Bxd8 28. Bd1 Ne6 29. Ne2 Bg5 30. Bc2 Nf4+ 1/2-1/2

[Event "13. Olimpiada por Equipos de Ajedrecist"]
[Site "Heraklio GRE"]
[Date "2008.10.21"]
[Round "3.3"]
[White "Lindenmair, Anton"]
[Black "Jumbaekov, Maxut"]
[Result "1-0"]
[WhiteElo "2121"]
[BlackElo "1400"]
[PlyCount "45"]
[EventDate "2008.10.18"]
[EventType "team-"]
[EventRounds "9"]
[EventCountry "GRE"]
[Source "lmi"]
[SourceDate "2008.10.19"]

1. e4 Nf6 2. c4 g6 3. Nc3 Bg7 4. d4 d6 5. f4 O-O 6. Nf3 c5 7. d5 e6 8. Be2 exd5
9. cxd5 Re8 10. e5 dxe5 11. fxe5 Ng4 12. Bg5 Qa5 13. O-O Nxe5 14. d6 Be6 15.
Nd5 Nbd7 16. Nc7 Rac8 17. Nxe8 Rxe8 18. Bd2 Qb6 19. Bc3 Nc4 20. Bxc4 Bxc3 21.
Bxe6 Rxe6 22. bxc3 Rxd6 23. Qb3 1-0

[Event "13. Olimpiada por Equipos de Ajedrecist"]
[Site "Heraklio GRE"]
[Date "2008.10.21"]
[Round "3.4"]
[White "Grigorchuk, Sergey"]
[Black "Kocovski, Ivan"]
[Result "1/2-1/2"]
[WhiteElo "2244"]
[BlackElo "2266"]
[PlyCount "35"]
[EventDate "2008.10.18"]
[EventType "team-"]
[EventRounds "9"]
[EventCountry "GRE"]
[Source "lmi"]
[SourceDate "2008.10.19"]

1. d4 Nf6 2. c4 c5 3. d5 g6 4. Nc3 Bg7 5. e4 d6 6. Nf3 O-O 7. Bd3 Bg4 8. h3
Bxf3 9. Qxf3 Na6 10. O-O Nc7 11. Rb1 a6 12. a3 Rb8 13. Bd2 b5 14. b4 bxc4 15.
Bxc4 Nd7 16. Qe2 cxb4 17. axb4 Qc8 18. Rfc1 1/2-1/2

[Event "13. Olimpiada por Equipos de Ajedrecist"]
[Site "Heraklio GRE"]
[Date "2008.10.21"]
[Round "3.4"]
[White "Trkaljanov, Vladimir"]
[Black "Wassin, Sergej"]
[Result "1/2-1/2"]
[WhiteElo "2239"]
[BlackElo "2325"]
[PlyCount "34"]
[EventDate "2008.10.18"]
[EventType "team-"]
[EventRounds "9"]
[EventCountry "GRE"]
[Source "lmi"]
[SourceDate "2008.10.19"]

1. e4 c5 2. Nc3 e6 3. Nf3 a6 4. d4 cxd4 5. Nxd4 b5 6. Bd3 Qb6 7. Be3 Bc5 8. Qg4
Bxd4 9. e5 Bxe3 10. Qxg7 Bxf2+ 11. Kf1 Bh4 12. Ne4 Bb7 13. Nd6+ Kd8 14. Qf8+
Kc7 15. Ne8+ Kd8 16. Nd6+ Kc7 17. Ne8+ Kd8 1/2-1/2

[Event "13. Olimpiada por Equipos de Ajedrecist"]
[Site "Heraklio GRE"]
[Date "2008.10.21"]
[Round "3.5"]
[White "Cajzler, Hinko"]
[Black "Dukaczewski, Piotr"]
[Result "0-1"]
[WhiteElo "2171"]
[BlackElo "2338"]
[PlyCount "144"]
[EventDate "2008.10.18"]
[EventType "team-"]
[EventRounds "9"]
[EventCountry "GRE"]
[Source "lmi"]
[SourceDate "2008.10.19"]

1. d4 Nf6 2. Nf3 g6 3. Bg5 Bg7 4. Nbd2 O-O 5. e3 d6 6. h3 Nbd7 7. Be2 b6 8. c3
Bb7 9. Qc2 Qe8 10. O-O e5 11. Rfe1 h6 12. Bh4 e4 13. Nh2 Nh7 14. f4 g5 15. Bg3
f5 16. Rf1 Qg6 17. Kh1 Nhf6 18. Qd1 Kh7 19. Rf2 Nd5 20. Bh5 Qe6 21. Ndf1 c5 22.
Be2 cxd4 23. cxd4 Rfc8 24. Qb3 a6 25. Nd2 Bxd4 26. exd4 e3 27. Rff1 exd2 28.
Bd3 Rf8 29. fxg5 hxg5 30. Nf3 Qh6 31. Qc2 Kh8 32. Qxd2 f4 33. Bh2 Ne3 34. Qf2
g4 35. Qh4 Qxh4 36. Nxh4 g3 37. Bg1 Nxg2 38. Ng6+ Kg7 39. d5 Bxd5 40. Bd4+ Kh6
41. Nxf8 Rxf8 42. Kg1 Ne5 43. Bxa6 f3 44. Rad1 Nf4 45. Be3 f2+ 46. Rxf2 gxf2+
47. Kxf2 Kg7 48. Kg3 Nfd3 49. Bd4 Rf3+ 50. Kh2 Be4 51. Bc8 b5 52. b3 Kf7 53. a4
b4 54. a5 Ke7 55. a6 Rf8 56. Bg4 Ra8 57. a7 Nxg4+ 58. hxg4 Ke6 59. Kg3 Bg6 60.
Ra1 Kd5 61. Be3 Nc5 62. Ra5 Bd3 63. g5 Kc6 64. g6 Nxb3 65. Rg5 Bc4 66. g7 Nc5
67. Rg4 Kb5 68. Bf4 b3 69. Bxd6 b2 70. Rxc4 Kxc4 71. Bf8 Ne4+ 72. Kf4 Nf6 0-1

[Event "13. Olimpiada por Equipos de Ajedrecist"]
[Site "Heraklio GRE"]
[Date "2008.10.21"]
[Round "3.5"]
[White "Sakic, Milutin"]
[Black "Zoltek, Tadeusz"]
[Result "1/2-1/2"]
[WhiteElo "2146"]
[BlackElo "2227"]
[PlyCount "76"]
[EventDate "2008.10.18"]
[EventType "team-"]
[EventRounds "9"]
[EventCountry "GRE"]
[Source "lmi"]
[SourceDate "2008.10.19"]

1. e4 Nf6 2. e5 Nd5 3. Nf3 d6 4. d4 g6 5. Bc4 Nb6 6. Bb3 Bg7 7. O-O O-O 8. exd6
cxd6 9. Re1 Nc6 10. c3 Na5 11. Bc2 Bg4 12. h3 Bxf3 13. Qxf3 d5 14. Nd2 e6 15.
Nb3 Nxb3 16. axb3 a6 17. Bf4 Rc8 18. Bd3 Rc6 19. Qg3 Bf6 20. Re2 Nc8 21. Rae1
Nd6 22. Bb1 Ne8 23. Qd3 Nd6 24. Qg3 Ne8 25. Qd3 Ng7 26. g4 Be7 27. Bh6 Bd6 28.
Kg2 Qc7 29. Qf3 Qd8 30. g5 Re8 31. Qg4 Nh5 32. Kf1 Bf4 33. h4 Qd6 34. Qf3 Qd7
35. Qg4 Qd6 36. Qf3 Qd7 37. Qg4 Qd6 38. Qf3 Qd7 1/2-1/2

[Event "13. Olimpiada por Equipos de Ajedrecist"]
[Site "Heraklio GRE"]
[Date "2008.10.21"]
[Round "3.5"]
[White "Suder, Ryszard"]
[Black "Zaja, Stjepan"]
[Result "1-0"]
[WhiteElo "2174"]
[BlackElo "1815"]
[PlyCount "45"]
[EventDate "2008.10.18"]
[EventType "team-"]
[EventRounds "9"]
[EventCountry "GRE"]
[Source "lmi"]
[SourceDate "2008.10.19"]

1. e4 c5 2. Nf3 d6 3. c3 Nf6 4. Bd3 Nc6 5. Bc2 e6 6. O-O Be7 7. d4 cxd4 8. cxd4
O-O 9. Nc3 a6 10. Qe2 b5 11. e5 Nd5 12. Qd3 g6 13. a3 Nxc3 14. Qxc3 Bb7 15. Bh6
Re8 16. exd6 Bf6 17. Bf4 Rc8 18. Qd3 e5 19. dxe5 Nxe5 20. Bxe5 Rxc2 21. Bxf6
Qxf6 22. Qxc2 Qxd6 23. Rad1 1-0

[Event "13. Olimpiada por Equipos de Ajedrecist"]
[Site "Heraklio GRE"]
[Date "2008.10.21"]
[Round "3.6"]
[White "Nistor, Mihai"]
[Black "Cizman, Gregor"]
[Result "1/2-1/2"]
[WhiteElo "1954"]
[BlackElo "1400"]
[PlyCount "50"]
[EventDate "2008.10.18"]
[EventType "team-"]
[EventRounds "9"]
[EventCountry "GRE"]
[Source "lmi"]
[SourceDate "2008.10.19"]

1. d4 d5 2. c4 c6 3. Nc3 Nf6 4. Nf3 e6 5. e3 a6 6. Qc2 b5 7. c5 Nbd7 8. b4 Bb7
9. Bb2 g6 10. Bd3 Bg7 11. O-O O-O 12. e4 dxe4 13. Nxe4 Nxe4 14. Bxe4 Qc7 15.
Rfe1 Rfe8 16. Rad1 Rad8 17. g3 Nf6 18. Ne5 Nd5 19. a3 Nf6 20. f4 Nxe4 21. Qxe4
Rd5 22. Rd3 f5 23. Qf3 Bxe5 24. dxe5 Rxd3 25. Qxd3 Rd8 1/2-1/2

[Event "13. Olimpiada por Equipos de Ajedrecist"]
[Site "Heraklio GRE"]
[Date "2008.10.21"]
[Round "3.6"]
[White "Pirosca, Alexandru"]
[Black "Mlacnik, Janez"]
[Result "1-0"]
[WhiteElo "2088"]
[BlackElo "1870"]
[PlyCount "55"]
[EventDate "2008.10.18"]
[EventType "team-"]
[EventRounds "9"]
[EventCountry "GRE"]
[Source "lmi"]
[SourceDate "2008.10.19"]

1. e4 e6 2. d4 d5 3. Nc3 Bb4 4. Bd3 dxe4 5. Bxe4 Nf6 6. Bf3 Nc6 7. Nge2 O-O 8.
O-O h6 9. Be3 Ne7 10. a3 Ba5 11. Ne4 Nxe4 12. Bxe4 c6 13. c4 Bc7 14. f4 Nf5 15.
Bf2 Kh8 16. Qb3 g5 17. Qh3 Kg7 18. g4 Nd6 19. Bd3 f5 20. Be3 fxg4 21. Qxg4 e5
22. Qh5 e4 23. fxg5 exd3 24. Qxh6+ Kg8 25. g6 Rxf1+ 26. Rxf1 Bf5 27. Qh7+ Kf8
28. Rxf5+ 1-0

[Event "13. Olimpiada por Equipos de Ajedrecist"]
[Site "Heraklio GRE"]
[Date "2008.10.21"]
[Round "3.7"]
[White "Ruohonen, Teemu"]
[Black "Krstajic, Nedjeljko"]
[Result "1/2-1/2"]
[WhiteElo "1400"]
[BlackElo "1400"]
[PlyCount "51"]
[EventDate "2008.10.18"]
[EventType "team-"]
[EventRounds "9"]
[EventCountry "GRE"]
[Source "lmi"]
[SourceDate "2008.10.19"]

1. e4 e5 2. Nf3 Nc6 3. Bb5 a6 4. Ba4 Nf6 5. d3 d6 6. O-O Be7 7. Be3 O-O 8. Bb3
Bg4 9. h3 Bh5 10. c3 d5 11. Nbd2 h6 12. Qc2 d4 13. cxd4 exd4 14. Bf4 Nb4 15.
Qb1 g5 16. a3 gxf4 17. axb4 Bxb4 18. Qc2 c5 19. g4 Bg6 20. Ne5 Kh8 21. Ndf3 Nh7
22. Qc1 Ng5 23. Nxg5 hxg5 24. Bd5 Qe7 25. Nxg6+ fxg6 26. f3 1/2-1/2

[Event "13. Olimpiada por Equipos de Ajedrecist"]
[Site "Heraklio GRE"]
[Date "2008.10.21"]
[Round "3.7"]
[White "Wikman, Bengt"]
[Black "Blagojevic, Savo"]
[Result "1/2-1/2"]
[WhiteElo "1943"]
[BlackElo "1400"]
[PlyCount "48"]
[EventDate "2008.10.18"]
[EventType "team-"]
[EventRounds "9"]
[EventCountry "GRE"]
[Source "lmi"]
[SourceDate "2008.10.19"]

1. c4 c5 2. Nc3 Nc6 3. g3 g6 4. Bg2 Bg7 5. Nf3 Nf6 6. O-O O-O 7. d3 d6 8. Re1
a6 9. e4 e5 10. Bg5 h6 11. Bxf6 Bxf6 12. Qd2 Kh7 13. Nd5 Bg7 14. Nh4 Ne7 15.
Nxe7 Qxe7 16. b4 Bf6 17. Nf3 g5 18. h3 Be6 19. a4 cxb4 20. Qxb4 Qc7 21. Reb1
Rab8 22. Qb6 Qd7 23. Kh2 Bd8 24. Qe3 f6 1/2-1/2

[Event "13. Olimpiada por Equipos de Ajedrecist"]
[Site "Heraklio GRE"]
[Date "2008.10.21"]
[Round "3.8"]
[White "Klimis, Laertis"]
[Black "Pulvett, Daniel"]
[Result "0-1"]
[WhiteElo "2033"]
[BlackElo "2207"]
[PlyCount "60"]
[EventDate "2008.10.18"]
[EventType "team-"]
[EventRounds "9"]
[EventCountry "GRE"]
[Source "lmi"]
[SourceDate "2008.10.19"]

1. Nf3 Nf6 2. d4 g6 3. c4 Bg7 4. Nc3 O-O 5. e4 d6 6. Be2 e5 7. d5 a5 8. O-O Na6
9. Ne1 Nc5 10. Qc2 c6 11. Be3 cxd5 12. cxd5 b6 13. Bxc5 bxc5 14. Nd3 Nd7 15.
Nb5 Ra6 16. a3 f5 17. f3 Nf6 18. Nf2 Bh6 19. b4 axb4 20. axb4 Rxa1 21. Rxa1 Be3
22. exf5 Bxf5 23. Qb3 Bxf2+ 24. Kxf2 Qb6 25. Kf1 c4 26. Bxc4 Ng4 27. Ra2 Ne3+
28. Ke1 Nxc4 29. Qxc4 Rc8 30. Qe2 Qg1+ 0-1

[Event "13. Olimpiada por Equipos de Ajedrecist"]
[Site "Heraklio GRE"]
[Date "2008.10.21"]
[Round "3.9"]
[White "Vojan, Istvan"]
[Black "Vlach, Karel"]
[Result "0-1"]
[WhiteElo "2036"]
[BlackElo "1400"]
[PlyCount "66"]
[EventDate "2008.10.18"]
[EventType "team-"]
[EventRounds "9"]
[EventCountry "GRE"]
[Source "lmi"]
[SourceDate "2008.10.19"]

1. e4 c5 2. Nf3 d6 3. d4 cxd4 4. Nxd4 Nf6 5. Nc3 e5 6. Nb3 Be6 7. Bg5 Be7 8.
Qd2 O-O 9. f3 a6 10. O-O-O Nbd7 11. Kb1 b5 12. Be3 Nb6 13. Na5 Qc7 14. Qf2 Nfd7
15. Nb3 b4 16. Nd5 Bxd5 17. exd5 f5 18. f4 a5 19. g4 a4 20. Nc1 a3 21. b3 fxg4
22. Rg1 Qc3 23. Nd3 Rac8 24. Bg2 Bf6 25. Qd2 exf4 26. Qxc3 Bxc3 27. Bxf4 Ne5
28. Be3 Nbd7 29. Be4 Rce8 30. Nf2 Nf6 31. Bd4 Nxe4 32. Nxe4 Bxd4 33. Rxd4 Nf3
0-1

[Event "13. Olimpiada por Equipos de Ajedrecist"]
[Site "Heraklio GRE"]
[Date "2008.10.21"]
[Round "3.10"]
[White "Couwenberg, Pieter"]
[Black "Platon, Constantin"]
[Result "1-0"]
[WhiteElo "1400"]
[BlackElo "1400"]
[PlyCount "39"]
[EventDate "2008.10.18"]
[EventType "team-"]
[EventRounds "9"]
[EventCountry "GRE"]
[Source "lmi"]
[SourceDate "2008.10.19"]

1. e4 e5 2. Nf3 Nc6 3. Bb5 Bc5 4. O-O Nge7 5. c3 O-O 6. d4 exd4 7. cxd4 Bb6 8.
Nc3 a6 9. Ba4 h6 10. h3 d6 11. Be3 Bd7 12. Qd2 Qe8 13. Bc2 Ng6 14. Bxh6 Nxd4
15. Nxd4 Bxd4 16. Qxd4 gxh6 17. Nd5 f6 18. Nxf6+ Rxf6 19. Qxf6 Qf7 20. Bb3 1-0

[Event "13. Olimpiada por Equipos de Ajedrecist"]
[Site "Heraklio GRE"]
[Date "2008.10.21"]
[Round "3.11"]
[White "Novak, Ivan"]
[Black "Grybas, Gintaras"]
[Result "1/2-1/2"]
[WhiteElo "2265"]
[BlackElo "2063"]
[PlyCount "60"]
[EventDate "2008.10.18"]
[EventType "team-"]
[EventRounds "9"]
[EventCountry "GRE"]
[Source "lmi"]
[SourceDate "2008.10.19"]

1. Nf3 Nf6 2. d4 d5 3. g3 c6 4. Bg2 Bf5 5. O-O e6 6. Re1 h6 7. Nc3 Bb4 8. Bd2
O-O 9. Nxd5 Nxd5 10. e4 Bxd2 11. Qxd2 Bxe4 12. Rxe4 Nd7 13. c4 N7f6 14. Re2 Ne7
15. Rd1 Qc7 16. b4 Rad8 17. Qb2 b6 18. Rc1 Nf5 19. a4 Rd7 20. d5 exd5 21. Ne5
Rd6 22. cxd5 Nxd5 23. Rec2 Nfe7 24. Nxc6 Nxc6 25. Bxd5 Rxd5 26. Rxc6 Qd7 27. h4
Rd8 28. a5 bxa5 29. bxa5 Qf5 30. Qe2 Rxa5 1/2-1/2

[Event "13. Olimpiada por Equipos de Ajedrecist"]
[Site "Heraklio GRE"]
[Date "2008.10.21"]
[Round "3.11"]
[White "Novikovas, Anatolijus"]
[Black "Murin, Miroslav"]
[Result "1/2-1/2"]
[WhiteElo "1901"]
[BlackElo "1861"]
[PlyCount "51"]
[EventDate "2008.10.18"]
[EventType "team-"]
[EventRounds "9"]
[EventCountry "GRE"]
[Source "lmi"]
[SourceDate "2008.10.19"]

1. e4 e5 2. Nf3 d6 3. Bc4 Be7 4. d4 Nd7 5. O-O c6 6. a4 Ngf6 7. Nc3 O-O 8. h3
b6 9. Re1 Bb7 10. Bg5 a6 11. Bxf6 Bxf6 12. d5 c5 13. Ne2 g6 14. Ng3 Bg7 15. Bd3
Bh6 16. c4 a5 17. Nh2 Bc8 18. Ng4 Bg5 19. Ne3 Nf6 20. Rf1 Kg7 21. b3 Ra7 22.
Qc2 Re7 23. Be2 h5 24. Bd3 Ree8 25. Ne2 Ng8 26. Nc3 1/2-1/2